000 00309nam a2200109Ia 4500
005 20251222152555.0
008 251222s9999||||xx |||||||||||||| ||spa||
082 _a791.4372/A79
100 _aAsamblea Internacional de Resposables de Comunión y Liberación
245 0 _aAmigos es decir Testigos:
942 _cLIB
999 _c26378
_d26378